Análisis numérico
| Main Author: | |
|---|---|
| Format: | Section = Libro |
| Language: | Undetermined Spanish |
| Published: |
México
Pearson Educación
2013
|
| Edition: | 2a ed. |
| Subjects: |
| LEADER | 00755nam a2200289Ia 4500 | ||
|---|---|---|---|
| 008 | 240830s9999 xx 000 0 und d | ||
| 020 | |a 978-607-32-2059-0 | ||
| 040 | |a B-ESTELÍ- RUACS / 511.7 S255 | ||
| 041 | |a spa | ||
| 082 | |a 511.7 S255 | ||
| 100 | 1 | |a Sauer, Timothy | |
| 245 | 1 | 0 | |a Análisis numérico |
| 250 | |a 2a ed. | ||
| 260 | |a México |b Pearson Educación |c 2013 | ||
| 300 | |a 646 p. | ||
| 650 | 7 | |a ANÁLISIS NUMÉRICO | |
| 650 | 7 | |b ECUACIONES | |
| 650 | 7 | |c INTERPOLACIÓN | |
| 650 | 7 | |d MÍNIMOS CUADRADOS | |
| 650 | 7 | |e DIFERENCIACIÓN E INTEGRACIÓN | |
| 650 | 7 | |f VALOR DE FRONTERA | |
| 650 | 7 | |g NUMEROS ALEATORIOS | |
| 650 | 7 | |h COMPRESIÓN | |
| 650 | 7 | |i VECTORES | |
| 942 | |c BK |2 ddc | ||
| 991 | |a TEXTO | ||
| 999 | |c 10908 | ||